Jedinečný nástroj rozvoja vidieka
Program obnovy dediny (POD) je v štátoch vyspelej Európy úspešným nástrojom rozvoja vidieka. Od roku 1998 sa pokúša tento štandard dosiahnuť aj Slovenská republika. Organizáciu a odbornú garanciu programu má v kompetencii Slovenská agentúra životného prostredia (SAŽP). Ciele programu. Inšpiračná ško...
Salvato in:
| Autore principale: | |
|---|---|
| Natura: | Capitolo di libro |
| Lingua: | slovacco |
| Soggetti: | |
| Tags: |
Nessun Tag, puoi essere il primo ad aggiungerne!!
|
MARC
| LEADER | 00000naa$a2200000$$$4500 | ||
|---|---|---|---|
| 001 | 0045549 | ||
| 005 | 20231016084937.8 | ||
| 041 | 0 | |a slo | |
| 044 | |a SK | ||
| 245 | 1 | 0 | |a Jedinečný nástroj rozvoja vidieka |c Zdena Čupíková |
| 520 | |a Program obnovy dediny (POD) je v štátoch vyspelej Európy úspešným nástrojom rozvoja vidieka. Od roku 1998 sa pokúša tento štandard dosiahnuť aj Slovenská republika. Organizáciu a odbornú garanciu programu má v kompetencii Slovenská agentúra životného prostredia (SAŽP). Ciele programu. Inšpiračná škola vidieka. Pomoc štátu. | ||
| 610 | 2 | 0 | |a vidiek |
| 610 | 2 | 0 | |a dediny |
| 610 | 2 | 0 | |a rozvoj územný |
| 610 | 2 | 0 | |a programy |
| 610 | 2 | 0 | |a kompetencie |
| 610 | 2 | 0 | |a pomoc štátna |
| 610 | 2 | 0 | |a Slovensko |
| 100 | 1 | |a Čupíková, Zdena | |